00539nam a22001457a 4500003000500000038001800005082000800023100002000031245015500051264003800206300002500244650003600269700003000305856005800335NUST aNusrat Nadeem a200 aNasir, Jehanzeb aEvaluation of Pumped Storage Hydropower and its integration with Variable Renewable Energy Generation in National Grid of Pakistan /cJehanzeb Nasir,  aIslamabad;bUSPCAS-E NUST;c2024. a212,p;bill;c30,cm. aPhD-Energy Systems Engineering  aSupervisor: Dr. Majid Ali u http://10.250.8.41:8080/xmlui/handle/123456789/44746